00388nam a2200145Ia 4500008004100000020001800041041000800059082001700067100001700084245003500101250000600136260006400142300001300206650002300219210716s2011 xx 000 0 und d a9780070144712 aeng a005.453 RAGV aRaghavan, V. aPrinciples of complier design. a1 aNew DelhibTata McGraw Hill Education Private Limitedc2011 axvii,581 aCompilers(005.453)